00656nam a2200205Ia 4500008004100000082003200041100002800073245002600101250001800127260001100145260002800156260000900184300001000193500004300203650001800246650001300264942001500277999001700292952014100309260312s9999 xx 000 0 und d a 331.09 B273h 1971 HNA aBarret. Francois935300 0aHistoria del trabajo. a4a. edición aEUDEBA bBuenos Aires, Argentina c1971 a180p. aColección Humberto Nogueira Alcalá aHistoria9347 aTrabajo  2ddccLIBRO c20125d20125 00102ddc40708CGaBCbBCd2025-08-30eDonación Humberto Nogueiral0o331.09 B273h 1971 HNAp27452r2026-04-17t1w2026-04-17yLIBRO